Love Runs Out - OneRepublic - All Lyrics - Statistics

General Stats
  • This quiz has been taken 13 times
  • The average score is 330 of 447
Answer Stats
Answer % Correct
love
100%
love,
100%
Ooh-woah,
100%
out,
100%
out
100%
run
100%
Run
100%
runs
100%
the
100%
Woo,
100%
woo,
100%
a
90%
be
90%
go
90%
I
90%
I'll
90%
my
90%
an
80%
And
80%
and
80%
can't
80%
"Do
80%
I'm
80%
it
80%
me
80%
Till
80%
till
80%
up,
80%
you
80%
your
80%
every
70%
feel
70%
for
70%
For
70%
got
70%
Got
70%
in
70%
let
70%
light,
70%
made
70%
on
70%
one
70%
or
70%
running,
70%
running
70%
so
70%
that's
70%
we
70%
we'll
70%
yeah,
70%
yeah
70%
alright,
60%
alright
60%
at
60%
But
60%
'Cause
60%
'cause
60%
have
60%
like
60%
makin'
60%
mind
60%
of
60%
right
60%
this,
60%
all
50%
down
50%
if
50%
Mama
50%
man,
50%
raised
50%
said,
50%
say
50%
second
50%
soul
50%
them
50%
what
50%
work
50%
angel
40%
burning
40%
doin'
40%
ghost,
40%
good,
40%
same
40%
saying
40%
shoulder,
40%
something
40%
start
40%
sun
40%
There's
40%
thing
40%
want,
40%
want
40%
devout
30%
diamonds
30%
doubt
30%
dust
30%
fire,
30%
front
30%
God,
30%
gold
30%
hate
30%
killing
30%
maniac
30%
match,
30%
night"
30%
prayers
30%
worked
30%
black,
20%
black
20%
bright
20%
fate,
20%
Mestopheles
20%
rust,
20%
shut
20%
stadium
20%
yes,
20%
clapping
10%
fifty-thousand
10%
game,
10%
saves
10%
No matching quizzes found
Score Distribution
Percent of People with Each Score
Percentile by Number Answered
Your Score History
You have not taken this quiz